European Countries Ranking Game #1 - Statistics

General Stats
  • This quiz has been taken 1,123 times
  • The average score is 26 of 30
Answer Stats
Characteristic Countries Rank Answer Number % Correct
Land Area Austria 1 Russia 16.4 Mio km²
100%
Land Area Belgium 2 France 640k km²
98%
Land Area France 4 Germany 349k km²
97%
Land Area Finland 3 Spain 499k km²
97%
Land Area Germany 5 Finland 304k km²
95%
Land Area Italy 6 Italy 294k km²
94%
Land Area Kosovo 7 United Kingdom 242k km²
94%
Land Area United Kingdom 15 San Marino 61 km²
93%
Land Area Latvia 8 Serbia 88k km²
93%
Land Area Luxembourg 9 Austria 82k km²
92%
Land Area San Marino 12 Belgium 30k km²
92%
Land Area Serbia 13 Kosovo 11k km²
92%
Land Area Moldova 10 Latvia 62k km²
92%
Land Area Spain 14 Luxembourg 2.6k km²
92%
Land Area Russia 11 Moldova 33k km²
92%
GDP per capita Austria 1 Luxembourg 112 045 $
90%
GDP per capita Belgium 2 San Marino 62 913 $
87%
GDP per capita Finland 3 Germany 55 306 $
85%
GDP per capita France 4 Austria 55 171 $
81%
GDP per capita Germany 5 Belgium 50 904 $
80%
GDP per capita Italy 6 Finland 49 548 $
78%
GDP per capita Kosovo 7 France 48 640 $
78%
GDP per capita Latvia 8 United Kingdom 48 169 $
78%
GDP per capita Moldova 10 Italy 41 582 $
74%
GDP per capita United Kingdom 15 Moldova 8 161 $
74%
GDP per capita Luxembourg 9 Spain 43 007 $
74%
GDP per capita Spain 14 Kosovo 13 017 $
72%
GDP per capita San Marino 12 Russia 30 820 $
72%
GDP per capita Russia 11 Latvia 32 987 $
71%
GDP per capita Serbia 13 Serbia 19 767 $
71%
No matching quizzes found
Score Distribution
Percent of People with Each Score
Percentile by Number Answered
Your Score History
You have not taken this quiz